| 000 | 01354cam a2200337 a 4500 | ||
|---|---|---|---|
| 999 |
_c1012 _d1012 |
||
| 001 | 1284028 | ||
| 003 | OSt | ||
| 005 | 20200312163014.0 | ||
| 008 | 190107s2017 nyu d 000 1 eng d | ||
| 020 |
_a9781442426740 _q(pbk.) |
||
| 040 |
_aDLC _beng _cDLC _eDLC _dPVY |
||
| 042 | _anbic | ||
| 082 | 0 | _aFIC HAN | |
| 100 | 1 |
_aHan, Jenny, _eauthor. |
|
| 245 | 1 | 0 |
_aP.S. I still love you / _cJenny Han. |
| 260 | 1 |
_aNew York : _bSimon & Schuster BFYR, _cc2017. |
|
| 300 |
_a337 pages ; _c22 cm. |
||
| 336 |
_atext _btxt _2rdacontent. |
||
| 337 |
_aunmediated _bn _2rdamedia. |
||
| 338 |
_avolume _bnc _2rdacarrier. |
||
| 440 |
_aTo all the boys i've loved before ; _nBook 2. |
||
| 500 | _aSequel to: To all the boys I've loved before. | ||
| 520 |
_a"Lara Jean didn't expect to really fall for Peter. She and Peter were just pretending. Except suddenly they weren't. Now Lara Jean is more confused than ever. When another boy from her past returns to her life, Lara Jean's feelings for him return too. Can a girl be in love with two boys at once?"-- _cProvided by publisher. |
||
| 521 | 1 | _aAges 12 up. | |
| 600 | 1 | 0 |
_aHan, Jenny, _tP.S. I still love you. |
| 650 | 0 |
_aLove _vJuvenile fiction. |
|
| 650 | 0 |
_aDating (Social customs) _vJuvenile fiction. |
|
| 650 | 0 |
_aSisters _vJuvenile fiction. |
|
| 650 | 0 |
_aFriendship _vJuvenile fiction. |
|
| 942 |
_2ddc _cFIC |
||